[Event "Wch U14"]
[Site "Chalkidiki GRE"]
[Date "2003.10.29"]
[EventDate "2003.10.25"]
[Round "7"]
[Result "1-0"]
[White "Aleksandr Lenderman"]
[Black "Kanna T U Navin"]
[WhiteElo "2342"]
[BlackElo "2137"]
[PlyCount "99"]

1. e4 e5 2. Nf3 Nc6 3. Bb5 Nf6 4. O-O Bc5 5. Nxe5 Nxe5 6. d4
Be7 7. dxe5 Nxe4 8. Qg4 Ng5 9. f4 a6 10. Bd3 d6 11. Qg3 Ne6
12. f5 Bh4 13. Qg4 h5 14. Qh3 Nc5 15. exd6 cxd6 16. Bc4 O-O
17. Nc3 g6 18. Bh6 Re8 19. Rf4 g5 20. Rxh4 gxh4 21. Qf3 Qf6
22. Qxh5 Bxf5 23. Nd5 Qg6 24. Qxh4 Re6 25. Bg5 Ne4 26. Ne7+
Rxe7 27. Bxe7 Qg7 28. Rf1 Bg6 29. Bd3 d5 30. Bf6 Qh7 31. Qxh7+
Bxh7 32. Bd4 b5 33. Rf4 Re8 34. h4 Kf8 35. a4 bxa4 36. Bxa6
Nd6 37. Bc5 Re6 38. Bc8 Rh6 39. g4 Bxc2 40. g5 Rg6 41. Rf6
Rxf6 42. gxf6 d4 43. Bxd6+ Kg8 44. Bf4 Kh7 45. h5 Bd1 46. Bf5+
Kg8 47. h6 d3 48. Bxd3 a3 49. bxa3 Ba4 50. Bd6 1-0